| 000 | 02242nam a22002297a 4500 | ||
|---|---|---|---|
| 008 | 250428s2025 xxk|||||o|||| 00| 0 eng d | ||
| 041 | _aeng | ||
| 110 | _aRoyal Institution of Chartered Surveyors | ||
| 245 |
_aRICS Standard Form of Consultant’s Appointment _bNorthern Ireland _h[Electronic resource] |
||
| 260 |
_aLondon, _bRoyal Institution of Chartered Surveyors, _cMay 2022 (revised April 2025) |
||
| 300 | _a41p. | ||
| 490 | _aRICS Standard Form | ||
| 500 | _aIn April 2025, revised forms were published to account for the introduction of the new role of Principal Designer (Building Regulations) following the passing of the Building Safety Act 2022 and the introduction of The Building Regulations, Part 2A. A new Scope of Services has been published. Revisions have been made to the existing forms to introduce and distinguish between the new role of Principal Designer (Building Regulations) from the existing role of Principal Designer (CDM 2015). Because the Building Safety Act 2022 only applies in England, not all of the same amendments have been made across the jurisdictional versions for Scotland and Northern Ireland. | ||
| 520 | _a RICS Forms of Consultant’s Appointment, which are intended to be used by clients. Members and others involved in the appointment of surveyors are encouraged to use these forms when considering surveyors for a wide variety of different disciplines within the construction process and related fields. RICS Standard Form of Consultant’s Appointment is intended to be used for the more complex, medium or large ‘normal’ type service project appointments. | ||
| 520 | _aTo be read in conjunction with the explanatory notes | ||
| 650 | _aAPPOINTMENT | ||
| 651 | _aNorthern Ireland | ||
| 710 | _aRoyal Institution of Chartered Surveyors | ||
| 856 |
_uhttps://www.rics.org/content/dam/ricsglobal/documents/standards/standard-form-of-consultants-appointment/RICS-Standard-Form-of-Consultants-Appointment-Northern-Ireland-April-2025.pdf _zForm available on RICS.org |
||
| 856 |
_uhttps://www.rics.org/content/dam/ricsglobal/documents/standards/standard-form-of-consultants-appointment/Explanatory-notes-Standard-form-E-W-April-2025.pdf _zExplanatory notes |
||
| 942 | _n0 | ||
| 999 |
_c122151 _d122151 |
||